| 000 | 00528nam a22001937a 4500 | ||
|---|---|---|---|
| 003 | KOHA_MİRAKIL | ||
| 005 | 20240930100959.0 | ||
| 008 | 240929b2021 tu ||||| |||| 00| 0 tur d | ||
| 020 | _a9786257573665 | ||
| 040 |
_aTR-AnABB _btur _cTR-AnABB |
||
| 041 | _atur | ||
| 082 |
_a811.42 _bTOK 2021 |
||
| 100 | _aTokcan, Burak. | ||
| 245 | 0 |
_aKırılgan yüzler albümü / _cBurak Tokcan. |
|
| 260 |
_aAnkara : _bKlaros Yayınları, _c2021. |
||
| 300 |
_a64 sayfa ; _c20 cm. |
||
| 650 | _aTürk edebiyatı, şiir | ||
| 942 |
_2ddc _cBK |
||
| 999 |
_c1360 _d1360 |
||